| 000 | 00657cab a2200217 4500 | ||
|---|---|---|---|
| 001 | WB3414-32 | ||
| 008 | 090401t1998 xxu||||| |||| 00| 0 eng d | ||
| 035 | _a(Sirsi) u85487 | ||
| 041 | _aeng | ||
| 245 | _aFewer farmers with more land | ||
| 260 | _c1998 | ||
| 350 | _a0 | ||
| 490 |
_aScotsman _v7 April 1998, 28(1) |
||
| 520 | _aThe RICS rural practice divisional president, Paul Pridmore, believes that in the near future, there will be fewer farmers working larger farms. | ||
| 650 | _aFARM BUSINESS TENANCIES | ||
| 650 | _aFARMING | ||
| 650 | _aRICS RURAL PRACTICE DIVISION | ||
| 690 | _aRURAL PRACTICE | ||
| 942 | _n0 | ||
| 948 | _c07/04/1998 | ||
| 999 |
_c53753 _d53753 |
||